| 000 | 00951nam a2200277 a 4500 | ||
|---|---|---|---|
| 001 | |||
| 003 | OSt | ||
| 005 | 20201026093459.0 | ||
| 008 | 150415s2000 dr a 000 0 spa d | ||
| 040 |
_aDO-SdBNP _bspa _cDO-SdBNP |
||
| 082 |
_a510 _b B142m, 2000 |
||
| 100 | 1 |
_aBáez de Erazo, Melba _937061 |
|
| 245 | 1 | 0 |
_aMatemática básica III / _cMelba Báez de Erazo, Reyita Taveras de Frías. |
| 250 | _a3a. ed. | ||
| 260 |
_aSanto Domingo : _bDe Colores, _c2000 |
||
| 300 |
_axx, 565 p. : _bil. ; _c23 cm. |
||
| 500 | _aIncluye datos biográficos de las autoras en la solapa de la contracubierta | ||
| 504 | _aBibliografía : p. 565-566 | ||
| 590 | _aInventariado.2020/VM | ||
| 650 | 7 |
_aMatemáticas _xLibros de texto _929573 |
|
| 650 | 7 |
_2Lemb _aMatemáticas _xProblemas, ejercicios, etc _919473 |
|
| 650 | 7 |
_aLogíca _xProblemas, ejercicios, etc _936516 |
|
| 700 | 1 | 2 |
_aTaveras de Frías, Reyita _937771 |
| 942 |
_2ddc _cLBS1 |
||
| 956 | _aVMateo | ||
| 999 |
_c48942 _d48942 |
||